[Event "RSA-chT U10"]
[Site "Cape Town"]
[Date "2016.01.07"]
[Round "7.6"]
[White "Terblanche, Annika"]
[Black "Kilian, Liam"]
[Result "0-1"]
[WhiteElo "507"]
[BlackElo "646"]
[PlyCount "52"]
[EventDate "2016.01.04"]
[EventType "team-tourn"]
[EventRounds "7"]
[EventCountry "RSA"]
[SourceTitle "CBM 170 Extra"]
[Source "ChessBase"]
[SourceDate "2016.02.25"]
[SourceVersion "1"]
[SourceVersionDate "2016.02.25"]
[SourceQuality "1"]
[WhiteTeam "Ekurhuleni"]
[BlackTeam "Johannesburg Metro"]
[WhiteTeamCountry "RSA"]
[BlackTeamCountry "RSA"]

1. e4 c6 2. Nf3 d5 3. exd5 cxd5 4. Bb5+ Nc6 5. 0-0 Nf6 6. d4 Bg4 7. Bg5 e6 8. Bxf6 Qxf6 9. Qd3 a6 10. Ba4 Bd6 11. Qc3 0-0 12. Bxc6 bxc6 13. Qxc6 Qf4 14. Qxd6 Qxd6 15. h3 Bxf3 16. gxf3 Qb6 17. Rd1 Qxb2 18. Nd2 Qxd4 19. Nb3 Qc3 20. Rd4 Qxf3 21. Rad1 Qxh3 22. Ra4 Rfc8 23. Rd2 Qf5 24. Rdd4 Rxc2 25. Ra5 Qxf2+ 26. Kh1 Qg2# 0-1

[Event "RSA-chT U10"]
[Site "Cape Town"]
[Date "2016.01.06"]
[Round "6.6"]
[White "Kilian, Liam"]
[Black "Conradie, Daniel"]
[Result "1/2-1/2"]
[WhiteElo "646"]
[BlackElo "1011"]
[PlyCount "25"]
[EventDate "2016.01.04"]
[EventType "team-tourn"]
[EventRounds "7"]
[EventCountry "RSA"]
[SourceTitle "CBM 170 Extra"]
[Source "ChessBase"]
[SourceDate "2016.02.25"]
[SourceVersion "1"]
[SourceVersionDate "2016.02.25"]
[SourceQuality "1"]
[WhiteTeam "Johannesburg Metro"]
[BlackTeam "Western Province"]
[WhiteTeamCountry "RSA"]
[BlackTeamCountry "RSA"]

1. d4 d5 2. e3 Nf6 3. Bd3 Nc6 4. c3 Bd7 5. f4 e6 6. Nf3 Bd6 7. 0-0 0-0 8. Bd2 Qe7 9. Bc2 a6 10. Qe1 Ne8 11. Qf2 f6 12. Na3 Bxa3 13. bxa3 1/2-1/2

[Event "RSA-chT U10"]
[Site "Cape Town"]
[Date "2016.01.04"]
[Round "1.6"]
[White "Kilian, Liam"]
[Black "Peter, Neathan"]
[Result "0-1"]
[WhiteElo "646"]
[BlackElo "964"]
[PlyCount "59"]
[EventDate "2016.01.04"]
[EventType "team-tourn"]
[EventRounds "7"]
[EventCountry "RSA"]
[SourceTitle "CBM 170 Extra"]
[Source "ChessBase"]
[SourceDate "2016.02.25"]
[SourceVersion "1"]
[SourceVersionDate "2016.02.25"]
[SourceQuality "1"]
[WhiteTeam "Johannesburg Metro"]
[BlackTeam "Nelson Mandela Bay"]
[WhiteTeamCountry "RSA"]
[BlackTeamCountry "RSA"]

1. d4 d5 2. f4 Nf6 3. e3 Nc6 4. Nf3 Bf5 5. c3 e6 6. Be2 Bd6 7. 0-0 0-0 8. Bd2 a6 9. Be1 b5 10. Bh4 b4 11. Bxf6 Qxf6 12. Nbd2 bxc3 13. bxc3 a5 14. Ne5 Bxe5 15. fxe5 Qg6 16. Qa4 Bh3 17. Bf3 Nd8 18. Rf2 f6 19. Kf1 Bf5 20. Qd1 Bd3+ 21. Ke1 Bc2 22. Qc1 fxe5 23. dxe5 a4 24. a3 Rb8 25. Kf1 Bd3+ 26. Be2 Rxf2+ 27. Kxf2 Qf5+ 28. Ke1 Qxe5 29. Bxd3 Qxe3+ 30. Kd1 0-1